Muse or Ruse? Quiz Stats

 Plays Quiz Updated May 2, 2016

Challenge
Share
Tweet
Embed
Score 0/9 Timer 03:00
6 Plays Today
% Correct
Calliope
80.7%
Clio
73.9%
Thalia
60.1%
Erato
59.8%
Melpomene
57.8%
Terpsichore
56.9%
Polyhymnia
54.1%
Euterpe
53.1%
Urania
39%

You're not logged in!

Compare scores with friends on all Sporcle quizzes.
Join for Free
OR
Log In

You Might Also Like...

Show Comments

Extras

Top Quizzes Today


Score Distribution

Your Account Isn't Verified!

In order to create a playlist on Sporcle, you need to verify the email address you used during registration. Go to your Sporcle Settings to finish the process.

Report this User

Report this user for behavior that violates our Community Guidelines.

Details: